| 000 | 00541nam a2200157 a 4500 | ||
|---|---|---|---|
| 001 | 000022282 | ||
| 005 | 20200930011651.0 | ||
| 008 | 100921s1984 dr acg 001 0 spa d | ||
| 040 |
_aDO-SdBNP _bspa _cBNPHU |
||
| 082 |
_axxxx _bJ614p |
||
| 100 | 1 |
_aJiménez Belén, José _928216 |
|
| 245 | 1 | 3 |
_aLa patria por dentro : _bretazos de la historia de las provincias de la República Dominicana / _cJosé Jiménez Belén. |
| 260 |
_aSanto Domingo : _bImpresos de Calidad, _c1984. |
||
| 300 |
_a306 p. : _bil., mús., retrs ; _c22 cm. |
||
| 049 | _aBNPD | ||
| 999 |
_c21780 _d21780 |
||